Vật lí nguyên tử
Giới thiệu cấu trúc nguyên tử theo thuyết cổ điển. Trình bày cơ sở của cơ học lượng tử, phương trình Schrodinger cho nguyên tử hiđro và các ion tương tự, nguyên tử nhiều electron, bảng tuần hoàn Mendeleev, cấu trúc phân tử và máy phát lượng tử - laser...
Saved in:
| Main Author: | |
|---|---|
| Format: | Book |
| Language: | Vietnamese |
| Published: |
H.
Đại học Sư phạm
2011
|
| Subjects: | |
| Tags: |
Add Tag
No Tags, Be the first to tag this record!
|
| Institutions: | Mạng thư viện Đại học Đà Nẵng |
|---|
| LEADER | 01473aam a22003498a 4500 | ||
|---|---|---|---|
| 001 | 000019740 | ||
| 003 | 16179 | ||
| 005 | 20141103141106.0 | ||
| 008 | 140820s2011 viesd | ||
| 020 | |c 32000đ |d 1000b | ||
| 041 | 0 | |a vie | |
| 082 | 1 | 4 | |2 14 |a 539.7 |b NG-T |
| 100 | 1 | |a Nguyễn Minh Thuỷ | |
| 245 | 1 | 0 | |a Vật lí nguyên tử |c Nguyễn Minh Thuỷ |
| 246 | 3 | |a Vật lý nguyên tử | |
| 260 | |a H. |b Đại học Sư phạm |c 2011 | ||
| 300 | |a 144 tr. |b minh hoạ |c 24 cm. | ||
| 504 | |a Phụ lục: tr. 137-142. - Thư mục: tr. 143 | ||
| 520 | |a Giới thiệu cấu trúc nguyên tử theo thuyết cổ điển. Trình bày cơ sở của cơ học lượng tử, phương trình Schrodinger cho nguyên tử hiđro và các ion tương tự, nguyên tử nhiều electron, bảng tuần hoàn Mendeleev, cấu trúc phân tử và máy phát lượng tử - laser | ||
| 650 | 0 | 4 | |2 Bộ TK TVQG |a Vật lí nguyên tử |
| 653 | |a Vật lý nguyên tử | ||
| 655 | 7 | |2 Bộ TK TVQG |a Giáo trình | |
| OWN | |a LSP | ||
| AVA | |a UDN50 |b LSP |d 539.7 NG-T |e check_holdings |t Error 5003 Not defined in file expand_doc_bib_avail. |h N |k 1 | ||
| 999 | |a From the UDN01 | ||
| AVA | |a UDN50 |b LSP |d 539.7 NG-T |e available |t Error 5001 Not defined in file expand_doc_bib_avail. |f 20 |g 0 |h N |i 4 |k 1 | ||
| TYP | |a Monograph | ||
| TYP | |a Printed language | ||
| 980 | |a Mạng thư viện Đại học Đà Nẵng | ||